Μέτρηση παραμέτρων αστικών λυμάτων Δήμου Λαμιέων πριν και μετά την δευτεροβάθμια επεξεργασία : πτυχιακή μελέτη
Saved in:
| Main Author: | |
|---|---|
| Corporate Author: | |
| Other Authors: | |
| Format: | Thesis Book |
| Language: | Greek |
| Published: |
2012
|
| Subjects: | |
| Online Access: | http://hdl.handle.net/11610/7200 |
| Tags: |
Add Tag
No Tags, Be the first to tag this record!
|
MARC
| LEADER | 00000cam a2200000 i 4500 | ||
|---|---|---|---|
| 001 | 1/34156 | ||
| 008 | 130807s2012 gre d | ||
| 035 | |l 10115222 | ||
| 040 | |a GR-MY-UA |b gre |e aacr | ||
| 041 | 0 | |a gre | |
| 082 | 0 | |a 628.3 |2 (22) | |
| 100 | 1 | |a Τελώνης, Σπυρίδων. | |
| 245 | 1 | 0 | |a Μέτρηση παραμέτρων αστικών λυμάτων Δήμου Λαμιέων πριν και μετά την δευτεροβάθμια επεξεργασία : |b πτυχιακή μελέτη / |c Τελώνης Π. Σπυρίδων ; επιβλέπουσα: Νικολάου Α. |
| 260 | |c 2012 | ||
| 300 | |a 62 σ.; |b εικ.; |c 30 εκ. | ||
| 502 | |a Πτυχιακή εργασία – Πανεπιστήμιο Αιγαίου, Λέσβος, 2012. | ||
| 504 | |a Βιβλιογραφία: σ. 59 | ||
| 650 | 0 | 0 | |a Sewage disposal plants |x Efficiency |z Greece |z Lamia. |
| 650 | 0 | 0 | |a Dissertations, Academic |z Greece. |
| 700 | 1 | |a Νικολάου, Αναστασία. |4 ths | |
| 710 | 2 | |a Πανεπιστήμιο Αιγαίου |b Σχολή Περιβάλλοντος |b Τμήμα Επιστημών της Θάλασσας. | |
| 852 | |a INST |b LESVOS |c DIATR |e 20130807 |h 685 |p 005100053258 |q 005100053258 |t DIE |y 23 | ||
| 852 | |a INST |b LESVOS |c DIATR |e 20130807 |h 686 |p 005100053257 |q 005100053257 |t DIE |y 23 | ||
| 856 | |u http://hdl.handle.net/11610/7200 | ||
| 901 | |a BIBL1-2013-2 | ||
| 909 | |a Λ |b 181841 | ||
| 909 | |a Λ |b 181842 | ||
| 924 | |a ΤΕΛΩΝΗΣ |b ΣΠΥΡΙΔΩΝ |y ΛΕΣΒΟΣ |z 2013-04 | ||
| 970 | |a ΤΖΑΦΕΡΗ |b ΕΥΑΓΓΕΛΙΑ |z 2013/08/08 | ||